[Event "KUP Vojvodine - finale"]
[Site "Novi Banovci, Hotel Novella un"]
[Date "2018.04.29"]
[Round "3.3"]
[White "Petrusic, Velimir"]
[Black "Sekulic, Dusan"]
[Result "1-0"]
[WhiteElo "2137"]
[BlackElo "2220"]
[PlyCount "65"]
[EventDate "2018.04.27"]
[WhiteTeam "Sloga Indjija I"]
[BlackTeam "Banovci Dunav"]

1. d4 Nf6 2. Nf3 c5 3. d5 b5 4. Bg5 Qb6 5. Bxf6 exf6 6. e4 c4 7. Be2 Bc5 8. O-O
O-O 9. a4 Re8 10. Nbd2 c3 11. bxc3 bxa4 12. Rxa4 d6 13. Qa1 Bd7 14. Ra5 Qc7 15.
Nd4 Bb6 16. Ra2 Rc8 17. Rb1 a5 18. Nc4 Ra6 19. Nxb6 Rxb6 20. Rxb6 Qxb6 21. Rxa5
g6 22. h4 h5 23. g3 Re8 24. Bd3 Bg4 25. f3 Bc8 26. Rb5 Qc7 27. Qa5 Qxa5 28.
Rxa5 Nd7 29. Bb5 Rf8 30. Bxd7 Bxd7 31. Ra6 Rc8 32. Rxd6 Ba4 33. Nc6 1-0

[Event "KUP Vojvodine - finale"]
[Site "Novi Banovci, Hotel Novella un"]
[Date "2018.04.29"]
[Round "3.3"]
[White "Azaric, Slavko"]
[Black "Majstorovic, Stanko"]
[Result "1-0"]
[WhiteElo "2290"]
[BlackElo "2055"]
[PlyCount "91"]
[EventDate "2018.04.27"]
[WhiteTeam "Banovci Dunav"]
[BlackTeam "Sloga Indjija I"]

1. e4 c5 2. Nf3 d6 3. d4 cxd4 4. Nxd4 Nf6 5. Nc3 e6 6. g4 e5 7. Nf5 g6 8. Ne3
Nc6 9. Bg2 Nd4 10. Ncd5 Bd7 11. Nxf6+ Qxf6 12. Nd5 Qd8 13. h4 Bg7 14. c3 Ne6
15. Be3 O-O 16. Qd2 Nc5 17. f3 b6 18. Bg5 f6 19. Be3 Be6 20. h5 Qd7 21. h6 Bh8
22. O-O-O Rfd8 23. Kb1 Qb7 24. Bf2 Bxd5 25. Qxd5+ Qxd5 26. Rxd5 Kf7 27. Rhd1
Ke7 28. Bxc5 bxc5 29. Bf1 Rab8 30. Bc4 Rb6 31. a4 a5 32. Kc2 Rf8 33. b4 cxb4
34. Rxa5 Rc8 35. Ra7+ Kf8 36. Kb3 Rbc6 37. Be6 Rxc3+ 38. Kxb4 R8c7 39. Rxc7
Rxc7 40. Bd5 g5 41. a5 f5 42. a6 Bf6 43. Ra1 Ra7 44. Bb7 fxg4 45. fxg4 Ke7 46.
Kb5 1-0

[Event "KUP Vojvodine - finale"]
[Site "Novi Banovci, Hotel Novella un"]
[Date "2018.04.29"]
[Round "3.3"]
[White "Labus, Vladislav"]
[Black "Stankovic, Milos M"]
[Result "1-0"]
[WhiteElo "2112"]
[BlackElo "2168"]
[PlyCount "57"]
[EventDate "2018.04.27"]
[WhiteTeam "Sloga Indjija I"]
[BlackTeam "Banovci Dunav"]

1. Nf3 Nf6 2. c4 g6 3. Nc3 Bg7 4. d4 d5 5. cxd5 Nxd5 6. e4 Nxc3 7. bxc3 O-O 8.
h3 c5 9. Bc4 Nc6 10. Bb2 cxd4 11. cxd4 Qb6 12. Qd2 Rd8 13. Rd1 Na5 14. Be2 Nc6
15. O-O Nxd4 16. Nxd4 e5 17. Bc3 Rd6 18. Ba5 Qxd4 19. Qc2 Rc6 20. Rxd4 Rxc2 21.
Rd8+ Bf8 22. Bb4 Rxe2 23. Bxf8 Rd2 24. Bd6+ Kg7 25. Bxe5+ f6 26. Rxd2 fxe5 27.
Rd8 b6 28. Rc1 Bb7 29. Rd7+ 1-0

[Event "KUP Vojvodine - finale"]
[Site "Novi Banovci, Hotel Novella un"]
[Date "2018.04.29"]
[Round "3.3"]
[White "Moldovanovic, Dragan"]
[Black "Ivas, Jovo"]
[Result "0-1"]
[WhiteElo "2015"]
[BlackElo "2051"]
[PlyCount "109"]
[EventDate "2018.04.27"]
[WhiteTeam "Banovci Dunav"]
[BlackTeam "Sloga Indjija I"]

1. d4 d5 2. c4 c6 3. Nc3 Nf6 4. Nf3 e6 5. Bg5 Nbd7 6. e3 Bb4 7. Qc2 Qa5 8. Bxf6
Nxf6 9. Bd3 c5 10. O-O cxd4 11. exd4 dxc4 12. Bxc4 O-O 13. a3 Bxc3 14. bxc3 Bd7
15. Ne5 Rac8 16. Rfc1 Ba4 17. Qd3 Rc7 18. Ba2 Rd8 19. Qe3 Nd5 20. Qf3 Be8 21.
Bxd5 Rxd5 22. Qe3 b5 23. h3 Rd8 24. a4 bxa4 25. c4 Qb6 26. c5 Qb2 27. Rd1 Qb7
28. Nc4 Qd5 29. Nd6 Bc6 30. Qg3 Rcd7 31. Ra3 h6 32. Qg4 Qg5 33. Qxg5 hxg5 34.
Rb1 Kf8 35. f3 Ke7 36. Kf2 Kf6 37. Re3 Rxd6 38. cxd6 Rxd6 39. Rb4 Rd5 40. Rc3
Rd6 41. Rc5 Ke7 42. Ra5 Rd7 43. Ra6 Rc7 44. Rc4 Kd7 45. h4 Bb5 46. Rxc7+ Kxc7
47. Rxa7+ Kb6 48. Ra8 Ba6 49. d5 exd5 50. Re8 a3 51. Re3 a2 52. Ra3 Bc4 53. g4
Kc5 54. h5 Kb4 55. Ra7 0-1

[Event "KUP Vojvodine - finale"]
[Site "Novi Banovci, Hotel Novella un"]
[Date "2018.04.29"]
[Round "3.4"]
[White "Gajcin, Marina"]
[Black "Bakvic, Zoran"]
[Result "1-0"]
[WhiteElo "2222"]
[BlackElo "1999"]
[PlyCount "69"]
[EventDate "2018.04.27"]
[WhiteTeam "Prigrevacki SK"]
[BlackTeam "Sloga Indjija II"]

1. e4 c5 2. Nf3 d6 3. Bb5+ Nd7 4. c3 a6 5. Ba4 b5 6. Bc2 Bb7 7. O-O Ngf6 8. Qe2
Qc7 9. d4 cxd4 10. cxd4 Rc8 11. Bd3 e5 12. Nc3 Be7 13. a4 b4 14. Nd5 Nxd5 15.
exd5 O-O 16. Bxa6 Bf6 17. Be3 Ra8 18. Bxb7 Qxb7 19. Rfd1 Ra5 20. dxe5 Nxe5 21.
Nd4 Rxd5 22. Nb5 Rxd1+ 23. Rxd1 Qa6 24. b3 Rd8 25. Qe1 Ng4 26. Bf4 Qc6 27. h3
Re8 28. Qxb4 Nxf2 29. Kxf2 Qb6+ 30. Kf1 Bh4 31. Qd4 Qc6 32. Nxd6 Re6 33. Qc4
Qb6 34. Qc8+ Bd8 35. Nc4 1-0

[Event "KUP Vojvodine - finale"]
[Site "Novi Banovci, Hotel Novella un"]
[Date "2018.04.29"]
[Round "3.4"]
[White "Kovacevic, Nikola R"]
[Black "Stojanovic, Andrej"]
[Result "1-0"]
[WhiteElo "1749"]
[BlackElo "2162"]
[PlyCount "63"]
[EventDate "2018.04.27"]
[WhiteTeam "Sloga Indjija II"]
[BlackTeam "Prigrevacki SK"]

1. d4 c5 2. d5 d6 3. c4 g6 4. e4 Nf6 5. Nc3 Bg7 6. Nf3 O-O 7. h3 b5 8. cxb5 a6
9. Bd3 axb5 10. Bxb5 Ba6 11. Bxa6 Nxa6 12. O-O Qb6 13. Nd2 Nd7 14. Kh2 Rfc8 15.
Nc4 Qb4 16. Qd3 Ne5 17. Nxe5 Bxe5+ 18. f4 c4 19. Qf3 Bg7 20. e5 dxe5 21. f5 f6
22. Qg4 g5 23. h4 h6 24. hxg5 fxg5 25. Ne4 Qb6 26. d6 Rf8 27. dxe7 Rf7 28. Rf3
Re8 29. Be3 Qc6 30. f6 h5 31. Qxh5 Qxe4 32. fxg7 1-0

[Event "KUP Vojvodine - finale"]
[Site "Novi Banovci, Hotel Novella un"]
[Date "2018.04.29"]
[Round "3.4"]
[White "Ristovski, Branislav"]
[Black "Marceta, Dimitrije"]
[Result "1/2-1/2"]
[WhiteElo "2154"]
[BlackElo "1560"]
[PlyCount "80"]
[EventDate "2018.04.27"]
[WhiteTeam "Prigrevacki SK"]
[BlackTeam "Sloga Indjija II"]

1. d4 Nf6 2. Nf3 g6 3. c4 Bg7 4. Nc3 O-O 5. e4 d6 6. Be2 e5 7. O-O Nc6 8. d5
Ne7 9. b4 a5 10. bxa5 Ne8 11. Ne1 f5 12. f3 f4 13. Nd3 g5 14. c5 h5 15. h3 Rf6
16. cxd6 cxd6 17. Bd2 Rh6 18. Nf2 Nf6 19. Nb5 Ng6 20. Rc1 g4 21. fxg4 hxg4 22.
Bxg4 Nxg4 23. Nxg4 Rh4 24. Be1 Bxg4 25. hxg4 Rh7 26. Rf3 Bf6 27. Rfc3 Bh4 28.
Nc7 Rxa5 29. g5 Rxa2 30. Bxh4 Nxh4 31. R1c2 Rxc2 32. Qxc2 f3 33. Na8 Qxg5 34.
Rc8+ Kg7 35. Qc7+ Kh6 36. Qxd6+ Ng6 37. Rc2 Qg3 38. Qf6 Qe1+ 39. Kh2 Qxe4 40.
Rd2 Qh4+ 1/2-1/2

[Event "KUP Vojvodine - finale"]
[Site "Novi Banovci, Hotel Novella un"]
[Date "2018.04.29"]
[Round "3.4"]
[White "Muskinja, Luka"]
[Black "Ostojic, Aleksandar"]
[Result "0-1"]
[WhiteElo "1653"]
[BlackElo "2079"]
[PlyCount "88"]
[EventDate "2018.04.27"]
[WhiteTeam "Sloga Indjija II"]
[BlackTeam "Prigrevacki SK"]

1. b3 d5 2. Bb2 Nf6 3. Nf3 Bf5 4. e3 e6 5. Be2 Bd6 6. c4 O-O 7. O-O Nbd7 8. Nc3
c6 9. Nh4 Bg6 10. Nxg6 hxg6 11. d4 Kh7 12. f4 Rh8 13. Bd3 Kg8 14. g3 Rc8 15.
Qf3 Qa5 16. e4 dxe4 17. Nxe4 Nxe4 18. Bxe4 Nf6 19. Rfd1 Ba3 20. Bc3 Bb4 21.
Bxb4 Qxb4 22. Rac1 Rd8 23. Rd3 Qa5 24. a4 Rh5 25. Qg2 g5 26. Bf3 g4 27. Be2 g6
28. Rc2 Kg7 29. Qf1 Rh7 30. c5 Rdh8 31. Bd1 Qd8 32. Qe1 a5 33. Qe5 Rh5 34. Qe1
Rd5 35. Qe3 Qd7 36. Be2 Rdh5 37. Bd1 Nd5 38. Qe1 Nb4 39. Rdd2 Nxc2 40. Bxc2 Rd5
41. Bd1 Rd8 42. Bxg4 Rxd4 43. Rf2 Rd2 44. Qe5+ Kg8 0-1

[Event "KUP Vojvodine - finale"]
[Site "Novi Banovci, Hotel Novella un"]
[Date "2018.04.29"]
[Round "3.5"]
[White "Ivkovic, Dragan B"]
[Black "Nikolic, Predrag N"]
[Result "1/2-1/2"]
[WhiteElo "2083"]
[BlackElo "1973"]
[PlyCount "70"]
[EventDate "2018.04.27"]
[WhiteTeam "Sremac"]
[BlackTeam "Car Uros Jazak"]

1. e4 e6 2. d4 c5 3. Nf3 a6 4. Nc3 cxd4 5. Nxd4 Nc6 6. a3 Nf6 7. Be2 Qc7 8. O-O
Be7 9. Be3 b5 10. f4 Bb7 11. e5 Nxd4 12. Bxd4 Nd5 13. Bf3 Nxc3 14. Bxc3 Bc5+
15. Kh1 g6 16. Bxb7 Qxb7 17. Rf3 Rc8 18. Qd2 O-O 19. Rd3 Rfd8 20. Ba5 Bb6 21.
Bxb6 Qxb6 22. c3 Rc7 23. Rd1 Qc5 24. Rd6 a5 25. Qd4 Qxd4 26. R1xd4 Kf8 27. Rb6
Rc5 28. g4 g5 29. b4 Rxc3 30. Rxb5 a4 31. Ra5 Rxa3 32. b5 Rc8 33. Rdxa4 Rb3 34.
Ra8 Rxa8 35. Rxa8+ Kg7 1/2-1/2

[Event "KUP Vojvodine - finale"]
[Site "Novi Banovci, Hotel Novella un"]
[Date "2018.04.29"]
[Round "3.5"]
[White "Rastovic, Milos"]
[Black "Milicevic, Petar"]
[Result "0-1"]
[WhiteElo "2074"]
[BlackElo "2003"]
[PlyCount "70"]
[EventDate "2018.04.27"]
[WhiteTeam "Sremac"]
[BlackTeam "Car Uros Jazak"]

1. e4 c5 2. Qe2 Nc6 3. c3 d5 4. d3 e5 5. g3 Nf6 6. Bg2 Be6 7. f4 Bg4 8. Nf3
dxe4 9. dxe4 Bd6 10. O-O Qc7 11. Na3 a6 12. Nc4 Rd8 13. Nxd6+ Qxd6 14. h3 Bxf3
15. Bxf3 Qd3 16. Qg2 O-O 17. f5 Qd7 18. g4 Kh8 19. g5 Ne8 20. Be3 Qe7 21. h4
Rd3 22. Qf2 c4 23. Be2 Nd6 24. Bxd3 cxd3 25. Bc5 Qd7 26. Bxd6 Qxd6 27. f6 g6
28. b4 Qe6 29. Qf3 Qc4 30. Rfd1 Rd8 31. Rac1 d2 32. Rc2 Nd4 33. cxd4 Qxc2 34.
dxe5 Rc8 35. Qe2 Qxd1+ 0-1

[Event "KUP Vojvodine - finale"]
[Site "Novi Banovci, Hotel Novella un"]
[Date "2018.04.29"]
[Round "3.5"]
[White "Jovanovic, Sava"]
[Black "Jaksic, Dragoljub"]
[Result "0-1"]
[WhiteElo "1874"]
[BlackElo "1918"]
[PlyCount "82"]
[EventDate "2018.04.27"]
[WhiteTeam "Car Uros Jazak"]
[BlackTeam "Sremac"]

1. e4 c5 2. Nf3 Nc6 3. d4 cxd4 4. Nxd4 g6 5. Nc3 Bg7 6. Nxc6 bxc6 7. Be3 d6 8.
Bd4 Nf6 9. f4 O-O 10. Be2 c5 11. Bf2 Rb8 12. Rb1 Ng4 13. Bxg4 Bxg4 14. Qd2 Qa5
15. O-O Rfd8 16. Qd3 Bc8 17. Nd5 e6 18. Ne7+ Kf8 19. Nxc8 Rbxc8 20. a3 Rb8 21.
Be1 Qb6 22. Bf2 Qc6 23. c3 a5 24. Rfd1 Rb3 25. Qc4 a4 26. e5 d5 27. Qxc5+ Qxc5
28. Bxc5+ Ke8 29. Rd4 Rc8 30. Bb4 f6 31. exf6 Bxf6 32. Rd3 d4 33. Re1 Rxb2 34.
Rxe6+ Kf7 35. Re1 dxc3 36. Rdd1 c2 37. Rc1 Bc3 38. Bxc3 Rxc3 39. Re2 Rb1 40.
Ree1 Rcb3 41. Kf2 Rxc1 0-1

[Event "KUP Vojvodine - finale"]
[Site "Novi Banovci, Hotel Novella un"]
[Date "2018.04.29"]
[Round "3.6"]
[White "Babic, Laza"]
[Black "Verencevic, Aleksandar"]
[Result "1-0"]
[WhiteElo "1857"]
[BlackElo "1679"]
[Annotator "John,Doe"]
[PlyCount "32"]
[EventDate "2018.04.27"]
[WhiteTeam "Simanovci"]
[BlackTeam "Podunavac Belegis"]

1. e4 e6 2. d4 d5 3. exd5 exd5 4. Nf3 Bd6 5. Bd3 Ne7 6. Bg5 O-O 7. O-O c6 8. c3
Qc7 9. Qc2 Ng6 10. Nbd2 Nd7 11. Rfe1 Nf6 12. Bxf6 gxf6 13. Re2 Kh8 14. Rae1 Bd7
15. g3 Rg8 16. Nf1 Qd8 {....dalje necitko} 1-0

[Event "KUP Vojvodine - finale"]
[Site "Novi Banovci, Hotel Novella un"]
[Date "2018.04.29"]
[Round "3.6"]
[White "Verencevic, Milan"]
[Black "Saric, Vladimir"]
[Result "1-0"]
[WhiteElo "1977"]
[BlackElo "2182"]
[PlyCount "59"]
[EventDate "2018.04.27"]
[WhiteTeam "Podunavac Belegis"]
[BlackTeam "Simanovci"]

1. d4 Nf6 2. Bf4 g6 3. h3 Bg7 4. e3 d6 5. Nf3 O-O 6. Bd3 c6 7. O-O Nbd7 8. c3
Nd5 9. Bg3 e5 10. e4 Nc7 11. Bc4 d5 12. exd5 cxd5 13. Bb3 e4 14. Ne1 Nb6 15.
Nc2 f5 16. Qd2 Ne6 17. a4 a5 18. Nba3 f4 19. Bh2 Qg5 20. Kh1 Bh6 21. c4 Qh5 22.
Qc3 Bd7 23. cxd5 Nxd5 24. Qe1 e3 25. Nc4 Bg7 26. fxe3 f3 27. Qg3 fxg2+ 28. Kxg2
Nf6 29. Kg1 Kh8 30. Ne5 1-0

[Event "KUP Vojvodine - finale"]
[Site "Novi Banovci, Hotel Novella un"]
[Date "2018.04.29"]
[Round "4.1"]
[White "Scepanovic, Labud"]
[Black "Pavkov, Nebojsa"]
[Result "1/2-1/2"]
[WhiteElo "2121"]
[BlackElo "2182"]
[PlyCount "85"]
[EventDate "2018.04.27"]
[WhiteTeam "Penzioner Subotica"]
[BlackTeam "Hercegovac Gajdobra"]

1. e4 c5 2. Nf3 g6 3. Nc3 Bg7 4. Be2 Nc6 5. O-O d6 6. d3 e5 7. Nd5 h6 8. c3
Nge7 9. Nxe7 Qxe7 10. Re1 Be6 11. a3 a5 12. a4 O-O 13. Nd2 f5 14. Bf3 f4 15.
Bg4 Bf7 16. Nc4 h5 17. Bf3 Bf6 18. Nb6 Ra6 19. Nd5 Qd8 20. Bd2 Kg7 21. Rc1 Ne7
22. Nxf6 Kxf6 23. d4 b6 24. d5 Rh8 25. Be2 Ra8 26. b4 Qc7 27. h4 Be8 28. Ra1
Rg8 29. g4 fxg3 30. fxg3 g5 31. Kh2 g4 32. Rf1+ Kg7 33. Bg5 Bg6 34. bxc5 bxc5
35. Qd3 Rgf8 36. Qe3 Ng8 37. Rab1 Rxf1 38. Rxf1 Rb8 39. Bb5 Rf8 40. Bh6+ Nxh6
41. Rxf8 Kxf8 42. Qxh6+ Qg7 43. Qg5 1/2-1/2

[Event "KUP Vojvodine - finale"]
[Site "Novi Banovci, Hotel Novella un"]
[Date "2018.04.29"]
[Round "4.1"]
[White "Pecelj, Nedeljko"]
[Black "Maravic, Milorad"]
[Result "0-1"]
[WhiteElo "2186"]
[BlackElo "2170"]
[PlyCount "38"]
[EventDate "2018.04.27"]
[WhiteTeam "Hercegovac Gajdobra"]
[BlackTeam "Penzioner Subotica"]

1. d4 d5 2. c4 c6 3. e3 Nf6 4. Nc3 e6 5. Nf3 Be7 6. Bd3 O-O 7. O-O Nbd7 8. Qe2
dxc4 9. Bxc4 b5 10. Bb3 b4 11. Na4 c5 12. Rd1 cxd4 13. exd4 Bb7 14. Bf4 Qa5 15.
Ne5 Nxe5 16. Bxe5 Nd7 17. d5 Nxe5 18. Qxe5 Bf6 19. Qe3 Bxd5 0-1

[Event "KUP Vojvodine - finale"]
[Site "Novi Banovci, Hotel Novella un"]
[Date "2018.04.29"]
[Round "4.1"]
[White "Sedlak, Ivan"]
[Black "Dukic, Aleksandar"]
[Result "1/2-1/2"]
[WhiteElo "2082"]
[BlackElo "2076"]
[PlyCount "44"]
[EventDate "2018.04.27"]
[WhiteTeam "Penzioner Subotica"]
[BlackTeam "Hercegovac Gajdobra"]

1. e4 e6 2. d4 d5 3. Nc3 Nf6 4. Bg5 Be7 5. e5 Nfd7 6. Bxe7 Qxe7 7. f4 O-O 8.
Nf3 a6 9. Bd3 f5 10. exf6 Rxf6 11. Qd2 c5 12. dxc5 Nxc5 13. O-O Nxd3 14. cxd3
Nc6 15. d4 Bd7 16. Ne5 Nxe5 17. fxe5 Rxf1+ 18. Rxf1 Rc8 19. b3 Be8 20. Rf4 Bg6
21. h3 b5 22. Kh2 b4 1/2-1/2

[Event "KUP Vojvodine - finale"]
[Site "Novi Banovci, Hotel Novella un"]
[Date "2018.04.29"]
[Round "4.2"]
[White "Vlatkovic, Sinisa"]
[Black "Gajcin, Marina"]
[Result "1/2-1/2"]
[WhiteElo "2263"]
[BlackElo "2222"]
[PlyCount "35"]
[EventDate "2018.04.27"]
[WhiteTeam "Mladost Nova Pazova"]
[BlackTeam "Prigrevacki SK"]

1. d4 Nf6 2. Nf3 g6 3. Nbd2 d5 4. e3 Bg7 5. b4 O-O 6. Bb2 b6 7. c4 c5 8. dxc5
bxc5 9. b5 Bb7 10. Be2 Nbd7 11. O-O Qc7 12. cxd5 Bxd5 13. Qc2 Qb7 14. Rfd1 Rfd8
15. Rac1 Rac8 16. Nc4 Nb6 17. Na5 Qa8 18. Ne5 1/2-1/2

[Event "KUP Vojvodine - finale"]
[Site "Novi Banovci, Hotel Novella un"]
[Date "2018.04.29"]
[Round "4.2"]
[White "Stojanovic, Andrej"]
[Black "Grcic, Vukasin"]
[Result "1/2-1/2"]
[WhiteElo "2162"]
[BlackElo "2098"]
[PlyCount "59"]
[EventDate "2018.04.27"]
[WhiteTeam "Prigrevacki SK"]
[BlackTeam "Mladost Nova Pazova"]

1. c4 e6 2. e4 d5 3. exd5 exd5 4. d4 Nf6 5. Nf3 Be7 6. Be2 dxc4 7. Bxc4 O-O 8.
O-O Bg4 9. Nc3 Nbd7 10. Bg5 Nb6 11. Bb3 c6 12. Re1 h6 13. Bh4 Qd6 14. h3 Bxf3
15. Qxf3 Rae8 16. Rad1 Qb4 17. Re2 Bd8 18. Bg3 Rxe2 19. Qxe2 Re8 20. Qd3 Qe7
21. Bh4 Bc7 22. Qd2 g5 23. Bg3 Bxg3 24. fxg3 Qe3+ 25. Qxe3 Rxe3 26. Kf2 Re7 27.
d5 cxd5 28. Nxd5 Nbxd5 29. Bxd5 Nxd5 30. Rxd5 1/2-1/2

[Event "KUP Vojvodine - finale"]
[Site "Novi Banovci, Hotel Novella un"]
[Date "2018.04.29"]
[Round "4.2"]
[White "Gavric, Zivojin"]
[Black "Ristovski, Branislav"]
[Result "1-0"]
[WhiteElo "2102"]
[BlackElo "2154"]
[PlyCount "103"]
[EventDate "2018.04.27"]
[WhiteTeam "Mladost Nova Pazova"]
[BlackTeam "Prigrevacki SK"]

1. e4 c5 2. Nc3 d6 3. g3 Nc6 4. Bg2 g6 5. f4 Bg7 6. Nf3 Bg4 7. h3 Bxf3 8. Qxf3
e6 9. O-O Nge7 10. Ne2 O-O 11. c3 d5 12. e5 d4 13. g4 f6 14. exf6 Rxf6 15. Qe4
d3 16. Ng3 e5 17. Qc4+ Kh8 18. Ne4 Rxf4 19. Rxf4 exf4 20. Ng5 Ne5 21. Qxf4 Qd7
22. Qe4 N7c6 23. b3 h6 24. Nf3 Nxf3+ 25. Qxf3 Rf8 26. Qd5 Qxd5 27. Bxd5 Nd4 28.
Bxb7 Ne2+ 29. Kg2 Nf4+ 30. Kf3 Nxh3+ 31. Ke3 Nf2 32. Bf3 Nh3 33. Ba3 h5 34. g5
Nxg5 35. Bd5 Rf5 36. Bc6 Ne6 37. Kxd3 g5 38. Re1 Rf6 39. Kc4 Nf4 40. Re8+ Kh7
41. Be4+ Kh6 42. Bxc5 h4 43. Re7 Ne6 44. Bxa7 g4 45. Be3+ Ng5 46. Bxg5+ Kxg5
47. Rxg7+ Kf4 48. d3 h3 49. Rh7 Kg3 50. d4 h2 51. b4 Rf3 52. b5 1-0

[Event "KUP Vojvodine - finale"]
[Site "Novi Banovci, Hotel Novella un"]
[Date "2018.04.29"]
[Round "4.3"]
[White "Nikolic, Predrag N"]
[Black "Petrusic, Velimir"]
[Result "0-1"]
[WhiteElo "1973"]
[BlackElo "2137"]
[PlyCount "86"]
[EventDate "2018.04.27"]
[WhiteTeam "Car Uros Jazak"]
[BlackTeam "Sloga Indjija I"]

1. e4 e6 2. c4 d5 3. exd5 exd5 4. cxd5 Nf6 5. Bc4 Nbd7 6. Ne2 Nb6 7. Bb3 Nbxd5
8. Nbc3 Be7 9. O-O O-O 10. d4 b6 11. Ng3 Qd7 12. Bc2 Bb7 13. Nf5 Bb4 14. Bd2
Rfe8 15. a3 Bf8 16. Bg5 h6 17. Be3 Nxc3 18. bxc3 Qc6 19. f3 Qxc3 20. Bd2 Qc6
21. Bf4 Nd5 22. Bc1 Ba6 23. Rf2 Rad8 24. Be4 Qf6 25. Bb2 g6 26. Ng3 Qd6 27. Qa4
b5 28. Qb3 f5 29. Bd3 Bg7 30. Rc2 Kh8 31. Rac1 Re6 32. Rc5 Nf4 33. d5 Re1+ 34.
Nf1 Rxc1 35. Rxc1 Nxd5 36. Bxg7+ Kxg7 37. Qb2+ Kh7 38. Qb1 Qb6+ 39. Kh1 c5 40.
Re1 c4 41. Bc2 Qc6 42. Ng3 Bc8 43. Rd1 Nc3 0-1

[Event "KUP Vojvodine - finale"]
[Site "Novi Banovci, Hotel Novella un"]
[Date "2018.04.29"]
[Round "4.3"]
[White "Milosevic, Dragan S"]
[Black "Labus, Vladislav"]
[Result "0-1"]
[WhiteElo "1944"]
[BlackElo "2112"]
[PlyCount "92"]
[EventDate "2018.04.27"]
[WhiteTeam "Car Uros Jazak"]
[BlackTeam "Sloga Indjija I"]

1. c4 e5 2. Nc3 Nf6 3. Nf3 Nc6 4. e3 d5 5. d4 exd4 6. Nxd4 Bb4 7. Nxc6 bxc6 8.
Bd2 O-O 9. Be2 Rb8 10. a3 Bd6 11. Qc2 dxc4 12. Bxc4 Ng4 13. Be2 Qf6 14. Bxg4
Bxg4 15. O-O Rfe8 16. f3 Qh4 17. f4 Re6 18. Be1 Qh5 19. Bf2 Rh6 20. Bg3 Bf5 21.
e4 Bc5+ 22. Kh1 Bg4 23. Rae1 Bd4 24. b4 Bf6 25. e5 Bh4 26. Qf2 Bxg3 27. Qxg3
Rd8 28. h3 Bxh3 29. gxh3 Qxh3+ 30. Qxh3 Rxh3+ 31. Kg2 Rxc3 32. Ra1 Rd2+ 33. Kg1
h5 34. Rfc1 Rg3+ 35. Kh1 Rg6 36. Rg1 Rxg1+ 37. Kxg1 Rc2 38. a4 Rc4 39. b5 Rxf4
40. bxc6 Rc4 41. Rd1 Rxc6 42. Rd8+ Kh7 43. Rd7 Kg6 44. Rd5 Kf5 45. Ra5 a6 46.
Kf2 Kf4 0-1

[Event "KUP Vojvodine - finale"]
[Site "Novi Banovci, Hotel Novella un"]
[Date "2018.04.29"]
[Round "4.3"]
[White "Ivas, Jovo"]
[Black "Jovanovic, Sava"]
[Result "1-0"]
[WhiteElo "2051"]
[BlackElo "1874"]
[PlyCount "107"]
[EventDate "2018.04.27"]
[WhiteTeam "Sloga Indjija I"]
[BlackTeam "Car Uros Jazak"]

1. e4 e6 2. d4 d5 3. Nd2 c5 4. exd5 Qxd5 5. Ngf3 cxd4 6. Nb3 Nc6 7. Nfxd4 Nxd4
8. Qxd4 Qxd4 9. Nxd4 a6 10. g3 e5 11. Nb3 f5 12. Bg2 Rb8 13. O-O Kf7 14. Re1
Bd6 15. Be3 Ne7 16. Ba7 Ra8 17. Bb6 Nc6 18. Rad1 Bb8 19. Nc5 Re8 20. Bd5+ Kf6
21. c3 g6 22. b4 Kg7 23. f4 e4 24. a4 Ba7 25. Bxa7 Rxa7 26. a5 Kf8 27. Kf2 Ke7
28. Ke3 Rd8 29. Rd2 Rd6 30. Red1 Rd8 31. Na4 Be6 32. Bxe6 Rxd2 33. Rxd2 Kxe6
34. Nb6 h6 35. h4 Kf6 36. Rd6+ Kf7 37. h5 gxh5 38. Rxh6 Ne7 39. Rxh5 Kg6 40.
Rh2 Kf6 41. Rh6+ Kg7 42. Re6 Kf7 43. Rxe7+ Kxe7 44. Nc8+ Kd8 45. Ne7 Kc7 46. b5
Kd6 47. bxa6 bxa6 48. Nc8+ Kc5 49. Ne7 Kc4 50. Nxf5 Kxc3 51. g4 Kb4 52. g5 Kxa5
53. g6 Kb6 54. g7 1-0

[Event "KUP Vojvodine - finale"]
[Site "Novi Banovci, Hotel Novella un"]
[Date "2018.04.29"]
[Round "4.5"]
[White "Sekulic, Dusan"]
[Black "Kovacevic, Nikola R"]
[Result "1-0"]
[WhiteElo "2220"]
[BlackElo "1749"]
[PlyCount "80"]
[EventDate "2018.04.27"]
[WhiteTeam "Banovci Dunav"]
[BlackTeam "Sloga Indjija II"]

1. d4 e6 2. c4 f5 3. g3 Nf6 4. Bg2 g6 5. Nc3 Bg7 6. Bg5 d6 7. e4 h6 8. Bxf6
Qxf6 9. exf5 O-O 10. Nge2 c6 11. Ne4 Qxf5 12. f4 Qa5+ 13. Qd2 Qc7 14. Rc1 Nd7
15. c5 dxc5 16. Nxc5 Nxc5 17. Rxc5 Bd7 18. Be4 Be8 19. O-O Rd8 20. Rd1 Qd6 21.
Qc2 Qe7 22. h4 b6 23. Rc4 g5 24. hxg5 hxg5 25. Bh7+ Kh8 26. Kg2 Bh6 27. Rh1 Kg7
28. Be4 Rd5 29. Rc3 c5 30. dxc5 Rxc5 31. Rxc5 bxc5 32. Qc3+ Qf6 33. Qxf6+ Rxf6
34. fxg5 Bxg5 35. Rh7+ Kf8 36. Rxa7 Bh5 37. Ng1 Rf7 38. Rxf7+ Kxf7 39. Bf3 Bg6
40. Ne2 Bf6 1-0